00449nam a2200169Ia 450000500170000000800410001702000150005808200130007310000210008624500380010726000440014530000180018965000230020765000120023065000140024265000230025620240625071739.0240331s9999 xx 000 0 und d a0674799860 a100bGRM aGramsci, Antonio 0aSelections from cultural writings aAmericabHarvard University pressc1991 axvi, 448 p ., aItaly Civilization aHistory aCriticism aItalian Literature